Tests deportivos-motores
Uloženo v:
| Hlavní autoři: | , |
|---|---|
| Médium: | Kniha |
| Jazyk: | španělština |
| Vydáno: |
Buenos Aires
Kapelusz
1976
|
| Edice: | Educación Física
|
| Témata: | |
| Tagy: |
Přidat tag
Žádné tagy, Buďte první, kdo vytvoří štítek k tomuto záznamu!
|
MARC
| LEADER | 00000nam a2200000 a 4500 | ||
|---|---|---|---|
| 001 | UCU0874 | ||
| 003 | CL-VaPUC | ||
| 008 | 960329e19760000AG |||||||||||||||||spa|d | ||
| 082 | 0 | 4 | |a 613.711 |b FET |2 21 |
| 100 | 0 | |a Fetz, Friedrich |e author |9 356334 | |
| 700 | 0 | |a Kornexl, Elmar |e author |9 356335 | |
| 245 | 1 | 0 | |a Tests deportivos-motores |
| 300 | |a 103 p | ||
| 942 | |c BK | ||
| 945 | |d 19960329 00:00:00 |a cmena | ||
| 260 | |a Buenos Aires |b Kapelusz |c 1976 | ||
| 650 | 7 | |a DEPORTE |2 CL-VaPUC |9 356336 | |
| 650 | 7 | |a TESTS |2 CL-VaPUC |9 309359 | |
| 650 | 0 | |a Desarrollo motor |9 313002 | |
| 650 | 7 | |a EJERCICIO |2 CL-VaPUC |9 310040 | |
| 583 | |a last modification |c 19960329 00:00:00 |k Rodrigo Vera | ||
| 490 | 0 | |a Educación Física | |
| 999 | |c 245657 |d 245655 | ||
| 952 | |0 0 |1 0 |4 0 |6 613_711000000000000_FET_1976 |7 0 |8 P |9 260239 |a BIBEDU |b BIBEDU |c BIBEDU_PB |d 2019-11-19 |i 1635077 |o 613.711 FET 1976 |p 1635077 |r 2024-01-25 |w 2019-11-19 |y BK |k EDU | ||
| 952 | |0 0 |1 0 |4 0 |6 613_711000000000000_FET_1976 |7 0 |8 P |9 260240 |a BIBEDU |b BIBEDU |c BIBEDU_PB |d 2019-11-19 |i 1635441 |o 613.711 FET 1976 |p 1635441 |r 2024-01-25 |w 2019-11-19 |y BK |k EDU | ||